00624 2200229 4500001002100000005001500021035002000036007000300056008004100059020001800100082001100118084001700129100002600146245006800172250001500240260003600255300003400291650002000325504002800345990001000373990001100383INLIS00000000000630720210215085512 a0010-0221000071ta210215 g | ind  a9789797569143 a574.82 a574.82 PRI b0 aPRINGGENIES, delianis1 aBioprospek Bahan Hayati Laut /cDr. Delianis Pringgenies, M.Sc. aEd.1 Jil.1 aYogyakarta :bGraha Ilmu,c2013 aVii, 78 hlm :b.ilus ;c26 cm 4aTeknik kelautan aBibliografi : Hal 71-76 a15875 a15875a